Powszechny system preferencji (GSP) - podstawowe zasady.
Generálny systém colných preferencií dôležitým nástrojom obchodnej politiky vyspelých krajín. Zásady GSP vypracované v r. 1990. Jeho ciele, podsystémy. Rozpätia preferencií. Colné kontingenty. Zásada pôvodu tovaru. Iné vysvetlené pojmy. Zásada kumulácie. Priama konsignácia.
Salvato in:
| Natura: | Capitolo di libro |
|---|---|
| Lingua: | polacco |
| Soggetti: | |
| Tags: |
Nessun Tag, puoi essere il primo ad aggiungerne!!
|
MARC
| LEADER | 00000naa a2200000 4500 | ||
|---|---|---|---|
| 001 | r004665 | ||
| 005 | 20221125123156.7 | ||
| 041 | 0 | |a pol | |
| 044 | |a PL | ||
| 245 | 1 | 0 | |a Powszechny system preferencji (GSP) - podstawowe zasady. |
| 520 | |a Generálny systém colných preferencií dôležitým nástrojom obchodnej politiky vyspelých krajín. Zásady GSP vypracované v r. 1990. Jeho ciele, podsystémy. Rozpätia preferencií. Colné kontingenty. Zásada pôvodu tovaru. Iné vysvetlené pojmy. Zásada kumulácie. Priama konsignácia. | ||
| 610 | 2 | 0 | |a preferencie |
| 610 | 2 | 0 | |a clá preferenčné |
| 610 | 2 | 0 | |a GSP |
| 610 | 2 | 0 | |a 1990 |
| 610 | 2 | 0 | |a politika obchodná |